000
00306nam a22001337a 4500
999
_c
15510
_d
15510
003
OSt
008
180823b ||||| |||| 00| 0 eng d
082
_a
690
_b
GIB/BU
100
_a
Drury, F.E
_9
3279
245
_a
Building science 1
260
_a
London
_b
Sir isaac pitman
_c
1965
300
_a
136
942
_c
BK